Sports Quiz

Random Sports or Football Quiz

Saskatchewan Roughriders - opening day Punters Quiz Stats

 Plays Quiz not verified by Sporcle

Challenge
Share
Tweet
Embed
Score 0/68 Timer 06:00
0 Plays Today
Year Punter % Correct
2011Eddie Johnson
95.2%
1997Paul McCallum
90.5%
2000Paul McCallum
90.5%
2001Paul McCallum
90.5%
2002Paul McCallum
90.5%
2003Paul McCallum
90.5%
2004Paul McCallum
90.5%
2005Paul McCallum
90.5%
2006Luca Congi
90.5%
2012Chris Milo
86.7%
1967Alan Ford
76.2%
1968Alan Ford
76.2%
1969Alan Ford
76.2%
1970Alan Ford
76.2%
1971Alan Ford
76.2%
1973Alan Ford
76.2%
1974Alan Ford
76.2%
1981Ken Clark
71.4%
1982Ken Clark
71.4%
1983Ken Clark
71.4%
2007Jamie Boreham
71.4%
2008Jamie Boreham
71.4%
2009Jamie Boreham
71.4%
1988Terry Baker
66.7%
1989Terry Baker
66.7%
1986Gerald McGrath
52.4%
1976Bob Macoritti
42.9%
1977Bob Macoritti
42.9%
1978Bob Macoritti
42.9%
1979Bob Macoritti
42.9%
1980Bob Macoritti
42.9%
1993Brent Matich
42.9%
1994Brent Matich
42.9%
1995Brent Matich
42.9%
Year Punter % Correct
1996Brent Matich
42.9%
1990Mike Lazecki
38.1%
1991Mike Lazecki
38.1%
1992Mike Lazecki
38.1%
2010Louie Sakoda
38.1%
2013Ricky Schmitt
30%
1951Glenn Dobbs
28.6%
1953Glenn Dobbs
28.6%
1954Frank Tripucka
28.6%
1961Ferd Burket
23.8%
1962Ferd Burket
23.8%
1963Martin Fabi
23.8%
1964Martin Fabi
23.8%
1965Martin Fabi
23.8%
1987Mike McTague
23.8%
1998Wayne Lammle
23.8%
1948Ken Charlton
19%
1949Ken Charlton
19%
1950Ken Charlton
19%
1955Larry Isbell
19%
1956Larry Isbell
19%
1957Larry Isbell
19%
1958Larry Isbell
19%
1984Dave Badowich
19%
1999Cory Stevens
19%
1952Butch Avinger
14.3%
1972Bob Pearce
14.3%
1966Jim McKean
9.5%
1975Terry Bulych
9.5%
1985Terry Leschuk
4.8%
1946Sully Glasser
0%
1947Johnny Bell
0%
1959George Herring
0%
1960Bob Renn
0%

You're not logged in!

Compare scores with friends on all Sporcle quizzes.
OR
Log In

You Might Also Like...

Show Comments

Extras

Created Feb 4, 2012ReportNominate
Tags:Football Quiz, cfl, saskatchewan

Top Quizzes Today


Score Distribution

Your Account Isn't Verified!

In order to create a playlist on Sporcle, you need to verify the email address you used during registration. Go to your Sporcle Settings to finish the process.

Report this User

Report this user for behavior that violates our Community Guidelines.

Details: